Statistics for Brawl Stars-Most least used Brawl Stars brawler #10-#4

Click here to take the quiz!

General Stats

  • This quiz has been taken 15 times
  • The average score is 3 of 7

Answer Stats

Place on podiumBrawler% Correct
5#Hank
69%
6#Darryl
46%
#8Eve
46%
9#Pam
38%
7#Bonnie
31%
4#Janet
23%
10#Squeak
15%

Score Distribution

Percentile by Number Answered

Percent of People with Each Score

Your Score History

You have not taken this quiz